[Event "Verbandsliga Nordbaden 2223"]
[Site "Germany"]
[Date "2023.02.12"]
[Round "6.2"]
[White "Piekors, Mark"]
[Black "Welz, Thomas"]
[Result "0-1"]
[WhiteElo "2131"]
[BlackElo "2170"]
[PlyCount "96"]
[EventDate "2022.09.25"]
[EventType "team-tourn"]
[EventRounds "9"]
[EventCountry "GER"]
[SourceTitle "EXT 2024"]
[Source "ChessBase"]
[SourceDate "2023.10.10"]
[SourceVersion "1"]
[SourceVersionDate "2023.10.10"]
[SourceQuality "1"]
[WhiteTeam "Mosbach"]
[BlackTeam "Eppingen II"]
[WhiteTeamCountry "GER"]
[BlackTeamCountry "GER"]

1. d4 d5 2. c4 c6 3. Nc3 Nf6 4. Nf3 dxc4 5. a4 Bf5 6. e3 e6 7. Bxc4 Nbd7 8. 0-0 Bd6 9. Qe2 Ne4 10. Nd2 Nxc3 11. bxc3 e5 12. e4 Bg6 13. f4 exf4 14. e5 Be7 15. a5 0-0 16. Nf3 b5 17. Bb3 a6 18. Bxf4 Ra7 19. Rfe1 Kh8 20. Bc2 Re8 21. Bxg6 hxg6 22. Qc2 g5 23. Bd2 g4 24. e6 gxf3 25. exd7 Rf8 26. Rf1 Rxd7 27. Rxf3 Bg5 28. Bxg5 Qxg5 29. Qf2 Kg8 30. Rg3 Qd8 31. Rf1 Rd6 32. Qf4 Re6 33. h4 Qxa5 34. h5 Qd8 35. Qg4 g6 36. Rf5 Qd6 37. Rg5 Kg7 38. Qf5 Rf6 39. Qe4 a5 40. Rf3 Rxf3 41. Qxf3 a4 42. Rc5 Qe7 43. Re5 Qc7 44. Qe4 Qd6 45. Qf4 a3 46. hxg6 fxg6 47. Qd2 Ra8 48. Qa2 b4 0-1

[Event "Verbandsliga Nordbaden 1617"]
[Site "Baden"]
[Date "2017.04.02"]
[Round "8.5"]
[White "Rechmann, Klaus"]
[Black "Welz, Thomas"]
[Result "0-1"]
[WhiteElo "2237"]
[BlackElo "2170"]
[PlyCount "70"]
[EventDate "2016.10.09"]
[EventType "team-tourn"]
[EventRounds "9"]
[EventCountry "GER"]
[SourceTitle "EXT 2022"]
[Source "ChessBase"]
[SourceDate "2021.10.06"]
[SourceVersion "1"]
[SourceVersionDate "2021.10.06"]
[SourceQuality "1"]
[WhiteTeam "Hockenheim II"]
[BlackTeam "Eppingen II"]
[WhiteTeamCountry "GER"]
[BlackTeamCountry "GER"]

1. e4 c5 2. Nf3 d6 3. d4 cxd4 4. Nxd4 Nf6 5. Nc3 e5 6. Bb5+ Nbd7 7. Nf5 a6 8. Bxd7+ Qxd7 9. 0-0 d5 10. Bg5 Nxe4 11. Nxe4 dxe4 12. Ng3 h6 13. Bd2 f5 14. Bc3 Qe6 15. f4 Bc5+ 16. Kh1 0-0 17. Bxe5 Bd7 18. b4 Be7 19. Qd4 Bb5 20. Rfd1 Rad8 21. Qb2 Rf7 22. Rxd8+ Bxd8 23. a4 Bc4 24. Qc3 b5 25. axb5 axb5 26. Rd1 Rd7 27. Rxd7 Qxd7 28. Qd4 Qxd4 29. Bxd4 g6 30. Be3 Be7 31. c3 Bf6 32. Bd2 Kf7 33. Kg1 Ke6 34. Kf2 Kd5 35. Ke1 Bd3 0-1

[Event "Oberliga Baden 1415"]
[Site "Baden"]
[Date "2015.02.01"]
[Round "6.4"]
[White "Scherer, Max"]
[Black "Welz, Thomas"]
[Result "0-1"]
[WhiteElo "2279"]
[BlackElo "2176"]
[PlyCount "94"]
[EventDate "2014.09.21"]
[EventType "team-tourn"]
[EventRounds "9"]
[EventCountry "GER"]
[SourceTitle "EXT 2016"]
[Source "ChessBase"]
[SourceDate "2015.10.08"]
[SourceVersion "1"]
[SourceVersionDate "2015.10.08"]
[SourceQuality "1"]
[WhiteTeam "Dreisamtal"]
[BlackTeam "Eppingen II"]
[WhiteTeamCountry "GER"]
[BlackTeamCountry "GER"]

1. c4 g6 2. g3 Bg7 3. Bg2 Nf6 4. Nc3 0-0 5. d4 d6 6. e4 Nc6 7. Nge2 e5 8. 0-0 Bg4 9. f3 Bd7 10. Be3 h6 11. d5 Ne7 12. h4 Kh7 13. g4 Nfg8 14. g5 f5 15. f4 fxe4 16. Nxe4 Nf5 17. Bf2 h5 18. Qd2 Qe7 19. Rae1 b6 20. Nc1 Qf7 21. Nd3 exf4 22. Nxf4 Rae8 23. b4 Be5 24. Nd3 Bh8 25. a3 Re7 26. Re2 Qg7 27. Nf4 Rfe8 28. Rfe1 Qf7 29. Bf3 Be5 30. Bg2 Qg7 31. Nh3 Rf8 32. Qd3 Ref7 33. c5 Nd4 34. Rd2 Nf3+ 35. Kh1 Nxe1 36. Bxe1 Bf5 37. Nhf2 Bf4 38. Re2 Re7 39. Bc3 Be5 40. Bd2 bxc5 41. bxc5 Rfe8 42. Bf3 dxc5 43. Qa6 Bd4 44. Bf4 Bxf2 45. Nxf2 Rxe2 46. Bxe2 Qd4 47. Bg3 Qe3 0-1

[Event "Oberliga Baden 1415"]
[Site "Baden"]
[Date "2015.01.18"]
[Round "5.4"]
[White "Werner, Clemens"]
[Black "Welz, Thomas"]
[Result "1-0"]
[WhiteElo "2349"]
[BlackElo "2182"]
[PlyCount "109"]
[EventDate "2014.09.21"]
[EventType "team-tourn"]
[EventRounds "9"]
[EventCountry "GER"]
[SourceTitle "EXT 2016"]
[Source "ChessBase"]
[SourceDate "2015.10.08"]
[SourceVersion "1"]
[SourceVersionDate "2015.10.08"]
[SourceQuality "1"]
[WhiteTeam "Karlsruhe"]
[BlackTeam "Eppingen II"]
[WhiteTeamCountry "GER"]
[BlackTeamCountry "GER"]

1. e4 g6 2. d4 Bg7 3. Nf3 d6 4. Bc4 c6 5. Nc3 e6 6. 0-0 b5 7. Bd3 a6 8. Bg5 f6 9. Be3 Nh6 10. a4 b4 11. Na2 a5 12. c3 bxc3 13. bxc3 Nf7 14. Rb1 0-0 15. Qc2 Qc7 16. Rfd1 Nd7 17. c4 Ba6 18. Nc3 Rfb8 19. Bf1 Rb4 20. Na2 Rxb1 21. Rxb1 Rb8 22. Bd2 Nd8 23. Rxb8 Nxb8 24. Qc3 Nb7 25. Qb3 c5 26. d5 exd5 27. exd5 Nd7 28. Nc3 Qb6 29. Qa2 Qd8 30. Qb3 Qb6 31. Qc2 Qd8 32. Ne1 f5 33. Nf3 h6 34. Ne2 Nf8 35. Nf4 Qf6 36. Qd3 Kf7 37. h4 Ke8 38. g3 Kf7 39. Bg2 Qa1+ 40. Kh2 Qxa4 41. h5 Qd7 42. hxg6+ Nxg6 43. Nxg6 Kxg6 44. Nh4+ Kf7 45. Bh3 Qe7 46. Nxf5 Qf6 47. Kg2 a4 48. Nxg7 Qxg7 49. Bc3 Qg5 50. Be6+ Ke8 51. Qh7 Qe7 52. Qxh6 Nd8 53. Bf6 Nf7 54. Qg7 Qf8 55. Bd7+ 1-0

[Event "Verbandsliga Nord Baden 1314"]
[Site "Germany"]
[Date "2014.03.09"]
[Round "7.4"]
[White "Brandenburger, Uwe"]
[Black "Welz, Thomas"]
[Result "1/2-1/2"]
[WhiteElo "2024"]
[BlackElo "2210"]
[PlyCount "100"]
[EventDate "2013.10.20"]
[EventType "team-tourn"]
[EventRounds "9"]
[EventCountry "GER"]
[SourceTitle "EXT 2015"]
[Source "ChessBase"]
[SourceDate "2014.11.20"]
[SourceVersion "1"]
[SourceVersionDate "2014.11.20"]
[SourceQuality "1"]
[WhiteTeam "Lindenhof"]
[BlackTeam "Eppingen II"]
[WhiteTeamCountry "GER"]
[BlackTeamCountry "GER"]

1. e4 Nc6 2. d4 d5 3. exd5 Qxd5 4. Nf3 Bg4 5. Be2 0-0-0 6. c4 Qa5+ 7. Bd2 Qf5 8. Bc3 e5 9. d5 Nb4 10. 0-0 f6 11. a3 Na6 12. b4 c5 13. b5 Nc7 14. h3 Bxf3 15. Bxf3 Kb8 16. Nd2 Bd6 17. Qb3 b6 18. a4 Nh6 19. a5 Kb7 20. axb6 axb6 21. Ne4 Qd7 22. Ra2 Ra8 23. Rfa1 Rxa2 24. Rxa2 Ra8 25. Bd2 Rxa2 26. Qxa2 Nf7 27. Bg4 f5 28. Nxd6+ Nxd6 29. Be2 Ne4 30. Be1 g6 31. f3 Nd6 32. Qa1 Qe7 33. Bc3 Nf7 34. g3 Qg5 35. Kf2 f4 36. Qg1 fxg3+ 37. Qxg3 Qxg3+ 38. Kxg3 Kc8 39. f4 exf4+ 40. Kxf4 Kd7 41. Bg4+ Ke7 42. Be1 Ne8 43. Bh4+ Kf8 44. Be2 h6 45. Bf2 Ned6 46. h4 Kg7 47. Be1 g5+ 48. hxg5 hxg5+ 49. Ke3 Nf5+ 50. Ke4 N5d6+ 1/2-1/2

[Event "Verbandsliga Nord Baden 1314"]
[Site "Germany"]
[Date "2013.11.17"]
[Round "2.4"]
[White "Wrede, Michael"]
[Black "Welz, Thomas"]
[Result "1/2-1/2"]
[WhiteElo "2162"]
[BlackElo "2210"]
[PlyCount "75"]
[EventDate "2013.10.20"]
[EventType "team-tourn"]
[EventRounds "9"]
[EventCountry "GER"]
[SourceTitle "EXT 2015"]
[Source "ChessBase"]
[SourceDate "2014.11.20"]
[SourceVersion "1"]
[SourceVersionDate "2014.11.20"]
[SourceQuality "1"]
[WhiteTeam "Leimen"]
[BlackTeam "Eppingen II"]
[WhiteTeamCountry "GER"]
[BlackTeamCountry "GER"]

1. d4 d5 2. e3 Nf6 3. Bd3 c5 4. c3 e6 5. Nd2 Nbd7 6. f4 Be7 7. Nh3 Qc7 8. 0-0 b6 9. a4 a6 10. Nf3 Bb7 11. Ne5 Ne4 12. Bd2 0-0 13. Be1 Rad8 14. Kh1 f6 15. Nxd7 Qxd7 16. Bg3 Bd6 17. Kg1 g6 18. Nf2 Nxg3 19. hxg3 e5 20. Qe2 exd4 21. exd4 Rfe8 22. Qf3 Kg7 23. Ng4 Qf7 24. Kf2 h5 25. Ne3 f5 26. Rfe1 cxd4 27. cxd4 Be7 28. Rad1 Bf6 29. Bc2 Re4 30. Bxe4 dxe4 31. Qe2 Rxd4 32. Qc2 Rb4 33. Rb1 a5 34. Red1 Ba6 35. b3 Bd3 36. Rxd3 exd3 37. Qxd3 Bd4 38. Kf3 1/2-1/2

[Event "Nuremberg LGA Cup 9th"]
[Site "Nuremberg"]
[Date "2012.09.09"]
[Round "7"]
[White "Welz, Thomas"]
[Black "Stein, Tobias"]
[Result "1-0"]
[WhiteElo "2204"]
[BlackElo "2036"]
[PlyCount "107"]
[EventDate "2012.09.06"]
[EventType "swiss"]
[EventRounds "7"]
[EventCountry "GER"]
[SourceTitle "CBM 150 Extra"]
[Source "ChessBase"]
[SourceDate "2012.10.19"]
[SourceVersion "1"]
[SourceVersionDate "2012.10.19"]
[SourceQuality "1"]

1. Nf3 d6 2. d4 Nf6 3. c4 g6 4. Nc3 Bg7 5. g3 0-0 6. Bg2 c5 7. 0-0 Nc6 8. d5 Na5 9. Qd3 a6 10. e4 Rb8 11. Re1 b5 12. cxb5 axb5 13. e5 Ng4 14. exd6 exd6 15. Bg5 Qb6 16. h3 Ne5 17. Nxe5 Bxe5 18. Rxe5 dxe5 19. Be7 Re8 20. d6 Rxe7 21. dxe7 Bf5 22. Qxb5 Qxb5 23. Nxb5 Re8 24. Rc1 c4 25. Nd6 Rxe7 26. Nxc4 Rc7 27. b3 Bd3 28. Bf1 e4 29. Bxd3 exd3 30. Rd1 Nxc4 31. bxc4 Rxc4 32. Rxd3 Ra4 33. a3 h5 34. Kf1 Kg7 35. Ke2 Kf6 36. Kd2 Ke5 37. Kc2 h4 38. Kb3 Re4 39. gxh4 Rxh4 40. a4 Rf4 41. f3 Rh4 42. a5 Ke6 43. a6 Rxh3 44. Kb4 g5 45. Rd8 Rh1 46. a7 Ra1 47. a8Q Rxa8 48. Rxa8 Ke5 49. Rf8 f5 50. Kc3 Kf4 51. Kd2 Kxf3 52. Rxf5+ Kg4 53. Rd5 Kh4 54. Ke2 1-0

[Event "Nuremberg LGA Cup 9th"]
[Site "Nuremberg"]
[Date "2012.09.07"]
[Round "2"]
[White "Welz, Thomas"]
[Black "Grimberg, Boris"]
[Result "0-1"]
[WhiteElo "2204"]
[BlackElo "2365"]
[PlyCount "60"]
[EventDate "2012.09.06"]
[EventType "swiss"]
[EventRounds "7"]
[EventCountry "GER"]
[SourceTitle "CBM 150 Extra"]
[Source "ChessBase"]
[SourceDate "2012.10.19"]
[SourceVersion "1"]
[SourceVersionDate "2012.10.19"]
[SourceQuality "1"]

1. Nf3 Nf6 2. d4 c5 3. e3 g6 4. Be2 Bg7 5. 0-0 Qc7 6. c4 0-0 7. Nc3 d6 8. Bd2 e5 9. Rc1 e4 10. Ne1 Qe7 11. Nc2 Nc6 12. Nd5 Nxd5 13. cxd5 cxd4 14. dxc6 d3 15. Nd4 dxe2 16. Qxe2 bxc6 17. Nxc6 Qg5 18. Bc3 Bg4 19. f3 exf3 20. Qd2 fxg2 21. Rf4 Bh3 22. Bxg7 Kxg7 23. Qd4+ Kg8 24. Rc3 Rae8 25. a4 a5 26. Qf6 Qxf6 27. Rxf6 g5 28. Rxd6 Re6 29. Rd5 Rf6 30. Rxg5+ Kh8 0-1

[Event "Rheinland Pfalz op 4th"]
[Site "Altenkirchen"]
[Date "2012.06.09"]
[Round "6"]
[White "Welz, Thomas"]
[Black "Meijers, Viesturs"]
[Result "0-1"]
[WhiteElo "2197"]
[BlackElo "2487"]
[PlyCount "100"]
[EventDate "2012.06.07"]
[EventType "swiss"]
[EventRounds "7"]
[EventCountry "GER"]
[SourceTitle "CBM 148 Extra"]
[Source "ChessBase"]
[SourceDate "2012.06.22"]
[SourceVersion "1"]
[SourceVersionDate "2012.06.22"]
[SourceQuality "1"]

1. Nf3 Nf6 2. d4 e6 3. e3 c5 4. Be2 a6 5. 0-0 b5 6. b3 Bb7 7. Bb2 Be7 8. Nbd2 0-0 9. c4 bxc4 10. bxc4 Nc6 11. Nb3 cxd4 12. exd4 d5 13. Rc1 dxc4 14. Bxc4 Rb8 15. Qe2 Nb4 16. Nc5 Bxf3 17. Qxf3 Nxa2 18. Rb1 Nb4 19. Nxa6 Nxa6 20. Bxa6 Qd6 21. Bb7 Rfd8 22. Rfd1 Nd5 23. Ba1 Qc7 24. Ba6 g6 25. Rbc1 Qd6 26. Bc4 Rb4 27. g3 Ra4 28. Qe2 Bf6 29. Bb5 Rxa1 30. Rxa1 Nc3 31. Qc4 Nxd1 32. Rxd1 Bxd4 33. Kg2 e5 34. Ba4 Qf6 35. Rd2 h5 36. Qc6 Rd6 37. Qa8+ Kg7 38. Qe4 Qe7 39. Bb3 Qd7 40. Rd3 Qa7 41. Qe2 Qb7+ 42. f3 Rb6 43. Qd1 g5 44. Kh3 Qd7+ 45. Kg2 g4 46. fxg4 hxg4 47. h3 gxh3+ 48. Kh2 Qb7 49. Kxh3 Rh6+ 50. Kg4 Qe4+ 0-1